00919nam a2200229Ia 4500003000900000008004100009020002200050040001600072080002200088111008300110245019900193260006100392300001400453490003400467650003100501650003000532650002800562650002600590650002600616700002700642700002000669IN-BaIIA211028s9999 xx 000 0 eng d a978-1-583812-31-0 cIIA Library a082.2:52bASP-363 aConference on the Nature of V838 Mon and its Light EchocSpaind2006 May 16-19 4aThe nature of V838 Mon and its light echobproceeding of a conference held in La Palma, Spain, 16-19 May 2006cedited by R. L. M. Corradi and U. Munari  aSan FranciscobAstronomical Society of the Pacificc2007 axv, 292p. aASP conference series; v. 363 aCircumstellar - congresses aInterstellar - congresses aLight echo - congresses aOutburst - congresses aV838 MON - congresses aCorradi, R. L. M., ed. aMunari, U., ed.